Semillas mejoradas : tendencias y rol del sector público /

Guardado en:
Autor Principal: Gutiérrez, Marta.
Formato: Libro
Idioma:Spanish
Publicado: Buenos Aires : Centro de Investigaciones Sociales sobre el Estado y la Administración, 1986.
Series:Documento (Proyecto Organización de la Investigación Agropecuaria) ; nº 19
Etiquetas: Agregar Etiqueta
Sin Etiquetas, Sea el primero en etiquetar este registro!
LEADER 00606nam a22001455a 4500
001 EEA.libagro004334
005 20181129130025.0
008 130809s1986####ag#a##########000#0#spa#d
082 0 4 |a 631.523 
100 1 |a Gutiérrez, Marta. 
245 1 0 |a Semillas mejoradas :  |b tendencias y rol del sector público /  |c Marta Gutiérrez. 
260 |a Buenos Aires :  |b Centro de Investigaciones Sociales sobre el Estado y la Administración,  |c 1986. 
300 |a 54 p. :  |b il. ;  |c 28 cm. 
490 1 |a Documento (Proyecto Organización de la Investigación Agropecuaria) ;  |v nº 19 
859 |a AR-BbBCA  |b BIB. AGRONOMIA  |h 631.523  |i G984  |p 1990/1576